000
00337nam a2200145Ia 4500
008
100122s9999 xx 000 0 und d
082
_b
10935
_a
923.254
100
_a
AKKAD B J
245
_a
MAHATMA GANDHI
260
_b
VORA & COMPANY
_c
1946
300
_a
91
630
_a
MAHATMA GANDHI
730
_a
MAHATMA GANDHI
942
_c
BOOK
999
_c
444191
_d
444188